Biblioteca

The council of Chalcedon : (Registro nro. 46549)

Detalles MARC
000 -LÍDER
Campo fijo de descripción fija 02330aam a2200313 i 4500
001 - NÚMERO DE CONTROL
Campo de control 768714001
003 - IDENTIFICADOR DEL NÚMERO DE CONTROL
Campo de control CO-MdFUSB
005 - FECHA Y HORA DE LA ULTIMA TRANSACCIÓN
control field 20200520152047.0
007 - CAMPO FIJO DE DESCRIPCIÓN FIJA--INFORMACIÓN GENERAL
Campo fijo de descripción fija ta
008 - ELEMENTOS DE LONGITUD FIJA -- INFORMACIÓN GENERAL
Campo fijo de descripción fija -- Información general 200520t1953 enka|||| |||| 00| 0 eng d
020 ## - NÚMERO INTERNACIONAL NORMALIZADO PARA LIBROS
Número Internacional Normalizado del libro [No incluye ISBN]
040 ## - FUENTE DE CATALOGACIÓN
Idioma de catalogación spa.
Agencia de catalogación original CO-MdFUSB
Agencia que realiza la transcripción CO-MdFUSB
Agencia que realiza la modificación CO-MdFUSBC
Convenciones de la descripción rda
041 ## - CÓDIGO DE IDIOMA
Código de idioma para texto/pista de sonido o título separado eng
082 ## - NÚMERO DE CLASIFICACIÓN DECIMAL DEWEY
Número de la edición del Dewey 23
Número de clasificación 270.2
Clave de autor-Numero de item S467
100 ## - ASIENTO PRINCIPAL--NOMBRE PERSONAL
Nombre personal Sellers, Robert Victor
Término relacionador autor
245 14 - TÍTULO
Título del Material The council of Chalcedon :
Parte restante del título - Subtitulo a historical and doctrinal survey
Mención de responsabilidad, etc. / Robert Victor Sellers
264 #1 - PRODUCCIÓN, PUBLICACIÓN, DISTRIBUCIÓN, MANUFACTURA, Y COPYRIGHT
Lugar de producción, publicación, distribución, manufactura Londres :
Nombre del productor, publicador, distribuidor SPCK,
Fecha de producción, publicación, distribución, manufactura, o copyright [1953]
264 #4 - PRODUCCIÓN, PUBLICACIÓN, DISTRIBUCIÓN, MANUFACTURA, Y COPYRIGHT
Fecha de producción, publicación, distribución, manufactura, o copyright © 1953
300 ## - DESCRIPCIÓN FÍSICA
Extensión xviii, 361 páginas
Dimensiones ; 23 cm
336 ## - TIPO DE CONTENIDO
Término de tipo de contenido texto
Código de tipo de contenido txt
Fuente rdacontent
337 ## - TIPO DE MEDIO
Fuente rdamedia
Nombre del tipo de medio sin mediación
Código del tipo de medio n
338 ## - TIPO DE SOPORTE
Fuente rdacarrier
Nombre del tipo de soporte volumen
Código Tipo de soporte nc
505 ## - NOTA DE CONTENIDO
Nota de contenido con formato preestablecido Parte I: El trasfondo del Concilio de Calcedonia - El trasfondo histórico: Eventos que condujeron al Concilio de Calcedonia - El cisma en el Este después del Concilio de Éfeso (431) y la 'moderación' de Cirilo de Alejandría - La lucha de Dioscoro en nombre de la ortodoxia alejandrina y su triunfo en el Segundo Concilio de Éfeso (449) El comienzo del ataque de Dioscoro contra la Sede de Antioquía - El caso de Ibas de Edesa - - El caso de Eutiques - El Segundo Concilio de Éfeso - La reacción después del Segundo Concilio de Éfeso y el Concilio de Calcedonia (451) - La reacción después del Segundo Concilio de Éfeso - El Concilio de Calcedonia - Sección II: El trasfondo doctrinal: pensamiento cristológico anterior - El pensamiento cristológico de la escuela de Alejandría - II. El pensamiento cristológico de la escuela de Antioquía - El pensamiento cristológico de Occidente - Parte II: La definición calcedonia de la fe - I. Los documentos de Calcedonia - La Definitio Fidei - El Tomo del Papa León - II . La crítica y defensa de la fe calcedonia: La controversia entre los monofisitas y los calcedonios antes de la llegada de Justiniano - III. La aclaración de la fe calcedonia: el trabajo de los calcedonios en la era de Justiniano - La aclaración de la doctrina calcedonia de la unidad de la persona de Jesucristo - La aclaración de la doctrina calcedonia de las dos naturalezas de Jesucristo.
563 ## - NOTA DE ENCUADERNACIÓN
Nota de encuadernación Pasta dura
650 #0 - ASIENTO SECUNDARIO DE MATERIA - TERMINO TEMÁTICO
9 (RLIN) 159
Término temático o nombre geográfico como elemento de entrada Teología doctrinal
Subdivisión general Historia
942 ## - TIPO DE MATERIAL (KOHA)
Tipo de Item KOHA Libros General
945 ## - INFORMACIÓN LOCAL DEL REGISTRO
Catalogador JTF-925
Existencias
Estado de Material Estado de Perdido Forma de Clasificación Estado de Dañado No para Préstamo Colección Tomo Biblioteca de Origen Biblioteca Permanente Fecha de Adquisición Área Total de Préstamos Signatura Topográfica Código de Barras Última vez visto Ejemplar/Existencia Fecha de Remplazo Tipo de Material
    Dewey Decimal Classification     Colección General   Biblioteca FUSBC Biblioteca FUSBC 20/05/2020 TEOLOGÍA CRISTIANA   G 270.2 S467c 20697 12/12/2019 Ej.1 26/01/2016 Libros General

Biblioteca FUSBC | Teléfono: (57+4) 349 88 10 Ext. 141| WhatsApp (+57) 3005338115 
E-mail: biblioteca@unisbc.edu.co | Calle 76 87-14 Robledo Palenque, Medellín, Colombia

Con tecnología Koha